000 00608 a2200217 4500
020 _a0-7637-2677-X
040 _aDLC
_bDLC
082 0 0 _a005.8
100 1 _aSolomon, Michael G.
245 0 0 _aInformation security illuminated
_cMichael G. Solomon, Mike Chapple
260 _aBoston :
_bJones and Bartlett,
_c2005
300 _a447 s. :
_bill.
650 0 _aComputer security
650 0 _aComputer networks
_xSecurity measures
650 0 _aDataskydd
650 0 _aIT-sä«¥rhet
650 0 _aComputer security
650 0 _aData protection
700 1 _aChapple, Mike
942 _cBK
_k005.8 SOL
_2ddc
999 _c6818
_d6818